000 00304nam a22001337a 4500
003 SGT
082 _a615.32
_bT16A
100 _aANGADI,RAVINDRA
245 _aA TEXT BOOK OF BHAISAJYA KALPANA VIJNANA
260 _aVARANASI
_bCHAUKHAMBHA PUB
_c2016
300 _a559
650 _aAYURVEDA
942 _2ddc
_cBK
999 _c8742
_d8742